书目信息 |
| 题名: |
场与介观约瑟夫森结的相互作用
|
|
| 作者: | 李前树 著 | |
| 分册: | ||
| 出版信息: | 北京 科学出版社 2002 |
|
| 页数: | 182页 | |
| 开本: | 20cm | |
| 丛书名: | ||
| 单 册: | ||
| 中图分类: | O511 | |
| 科图分类: | ||
| 主题词: | 超导电性 | |
| 电子资源: | ||
| ISBN: | 7-03-011131-1 | |
| 000 | 00644nam0 2200217 450 | |
| 001 | 0554035546 | |
| 005 | 20051031150604.45 | |
| 010 | @a7-03-011131-1@dCNY20.00 | |
| 092 | @aCN | |
| 100 | @a20051031d2002 km y0chiy0120 ea | |
| 101 | 0 | @achi |
| 102 | @aCN@b110000 | |
| 200 | 1 | @a场与介观约瑟夫森结的相互作用@Achang yu jie guan yue se fu sen jie de xiang hu zuo yong@f李前树等著@Fli qian shu deng zhu |
| 210 | @a北京@c科学出版社@d2002 | |
| 215 | 1 | @a182页@d20cm |
| 300 | @a中国科学院科学出版基金资助出版 | |
| 606 | 0 | @a超导电性 |
| 690 | @aO511@v4 | |
| 701 | 0 | @a李前树@Ali qian shu@4著 |
| 801 | 0 | @aCN@bPFT@c20051031 |
| 905 | @a10447@dO511@e10 | |
| 场与介观约瑟夫森结的相互作用/李前树等著.-北京:科学出版社,2002 |
| 182页;20cm |
| 中国科学院科学出版基金资助出版 |
| ISBN 7-03-011131-1:CNY20.00 |
| ● |
| 相关链接 |
|
|
|
|
正题名:场与介观约瑟夫森结的相互作用
索取号:O511/10
 
预约/预借
| 序号 | 登录号 | 条形码 | 馆藏地/架位号 | 状态 | 备注 |
| 1 | 0337376 | 203373768 | 第二样本阅览室/ [索取号:O511/10] | 在馆 | |
| 2 | 0337377 | 203373777 | 第三借阅区/ [索取号:O511/10] | 在馆 | |
| 3 | 0337378 | 203373786 | 第三借阅区/ [索取号:O511/10] | 在馆 |